000 00351nam a2200157Ia 4500
008 151213s9999 xx 000 0 und d
020 _a`
100 _aC.P. Snow
245 _aThe Masters
_cC.P. Snow
250 _a1st
260 _aEngland
_bPenguing Book
_c1951
300 _a4568 p.
650 _aReference
700 _aC.P. Snow
999 _c2942
_d2942